| 000 | 00383cam a22001457a 4500 | ||
|---|---|---|---|
| 008 | 180718b1999 xxu||||| |||| 00| 0 eng d | ||
| 020 | _a812501165X | ||
| 082 | _aT1 C35 | ||
| 100 | _aChalam, K.S. | ||
| 245 |
_aReadings in political economy _cby K.S. Chalam |
||
| 260 |
_aHyderabad _bOrient Longman _c1999 |
||
| 300 | _a463p. | ||
| 650 | _aEconomic development | ||
| 650 | _aEconomics | ||
| 999 |
_c390402 _d390402 |
||